Рентгенографическое исследование неравновесных твердых растворов хлоридов калия и натрия: автореферат диссертации на соискание ученой степени кандидата химических наук

Библиографические подробности
Главный автор: Звинчук Р. А.
Автор-организация: Ленинградский государственный университет (ЛГУ)
Другие авторы: Елистратов А. М. (научный руководитель)
Примечания:Защита сост. 4.06.1964 г.
Язык:русский
Опубликовано: Ленинград, [Б. и.], 1964
Предметы:
Формат: Книга
Запись в KOHA:https://koha.lib.tpu.ru/cgi-bin/koha/opac-detail.pl?biblionumber=294187

MARC

LEADER 00000nam0a2200000 4500
001 294187
005 20231102000653.0
035 |a (RuTPU)RU\TPU\book\319242 
090 |a 294187 
100 |a 20150512d1964 k y0rusy50 ca 
101 0 |a rus 
102 |a RU 
105 |a y dm 001zy 
200 1 |a Рентгенографическое исследование неравновесных твердых растворов хлоридов калия и натрия  |e автореферат диссертации на соискание ученой степени кандидата химических наук  |f Р. А. Звинчук  |g Ленинградский государственный университет (ЛГУ) ; науч. рук. А. М. Елистратов 
210 |a Ленинград  |c [Б. и.]  |d 1964 
300 |a Защита сост. 4.06.1964 г. 
320 |a Библиогр.: с. 17 (13 назв.). 
606 1 |a Рентгенография  |x (аналитическая химия)  |2 stltpush  |3 (RuTPU)RU\TPU\subj\73742  |9 86566 
606 1 |a Твердые растворы  |2 stltpush  |3 (RuTPU)RU\TPU\subj\70688  |9 84893 
610 1 |a распад 
610 1 |a термодинамические представления 
610 1 |a рентгеновские лучи 
610 1 |a рассеяние 
610 1 |a неравновесные растворы 
610 1 |a микрогетерогенные растворы 
610 1 |a образцы 
610 1 |a характеристика 
610 1 |a состав 
610 1 |a флуктуация 
610 1 |a авторефераты диссертаций 
675 |a 543.44(04)  |v 3 
675 |a 544.355(04)  |v 3 
700 1 |a Звинчук  |b Р. А. 
702 1 |a Елистратов  |b А. М.  |4 727 
712 0 2 |a Ленинградский государственный университет (ЛГУ)  |c (1924-1991)  |2 stltpush  |3 (RuTPU)RU\TPU\col\77 
801 1 |a RU  |b 63413507  |c 20150512 
801 2 |a RU  |b 63413507  |c 20191224  |g RCR 
942 |c BK